000 00319nam a22001337a 4500
020 _a978-81-8482-386-8
082 _a823
_bTIN/S
100 _aTINKLE
245 _aSHIKARI SHAMBU
_bTHE GREAT ESCAPADES!
260 _aMUMBAI
_bAMAR CHITRA KATHA
_c2022
300 _a72
650 _aCOMIC FOR CHILDREN
_zINDIA
942 _cBK
999 _c7036
_d7036